000
00222nam a22000977a 4500
082
_a
658.5 MAN'A
245
_a
MANAGEMENT FOR PRODUCTION
260
_a
LONDON
_b
BRITISH INSTITUTE OF MANAGEMENT
300
_a
47P
942
_c
BK
999
_c
579562
_d
579562